Statystyki dla Quiz o Palau

Kliknij tutaj aby rozwiązać quiz!

Ogólne statystyki

  • Ten quiz został rozwiązany 137 razy
  • Średni wynik to 8 z 13

Statystyki odpowiedzi

WskazówkaOdpowiedź% Poprawnych
Podregion Oceanii, do którego należy Palau{Mikro}nezja
89%
Języki urzędoweAngielski
88%
Kraj, który skolonizował Palau w latach 1574–1898Hiszpania
82%
Języki urzędoweJęzyk {Palau}
81%
Kraj, który zajął wyspy w 1914 roku i utrzymywał je do 1944 rokuJaponia
80%
Kraj, od którego Palau uzyskało niepodległość w 1994 rokuStany Zjednoczone
79%
Kraj, który wykupił wyspy od góry, utrzymując je do 1914 rokuNiemcy
59%
55% mieszkańców Palau są_____, drugi co do wielkości kraj (po Nauru)Otyli
59%
StolicaNgerulmud
55%
Miejsce światowego dziedzictwa UNESCO składające się z dwustu małych, zalesionych wysp{Rock} Islands
36%
Jezioro z milionami kłujących stworzeń morskich, które utraciły zdolność użądleniaJezioro {Meduz}
33%
Najbardziej zaludniona wyspaKoror
31%
W 2009 roku Palau utworzyło pierwsze miejsce, aby chronić te morskie stworzeniaRekiny
29%

Rozkład punktacji

Percentyl według liczby udzielonych odpowiedzi

Procent ludzi z każdym wynikiem

Twoja historia wyników

Nie rozwiązałeś tego quizu